[Event "Champigny sur Marne op"]
[Site "Champigny sur Marne"]
[Date "2005.03.??"]
[Round "5"]
[White "Bodin Hullin, Thomas"]
[Black "Deman, Patrice"]
[Result "1/2-1/2"]
[WhiteElo "1410"]
[BlackElo "1850"]
[PlyCount "59"]
[EventDate "2005.03.??"]
[EventType "swiss"]
[EventRounds "7"]
[EventCountry "FRA"]
[SourceTitle "EXT 2007"]
[Source "ChessBase"]
[SourceDate "2006.11.23"]
[SourceVersion "1"]
[SourceVersionDate "2006.11.23"]
[SourceQuality "1"]

1. c4 c5 2. Nf3 Nc6 3. d4 cxd4 4. Nxd4 Nf6 5. Nc3 g6 6. e4 d6 7. Be3 Bg7 8. Be2 0-0 9. Qd2 Nxd4 10. Bxd4 a6 11. Be3 Be6 12. f3 Rc8 13. Nd5 Bxd5 14. cxd5 e6 15. g4 exd5 16. exd5 Re8 17. Bf4 Qb6 18. Rb1 Nd7 19. Kf1 Ne5 20. Kg2 Nc4 21. Bxc4 Rxc4 22. Rhe1 Rec8 23. Rec1 Rxc1 24. Rxc1 Rxc1 25. Qxc1 Bxb2 26. Qc2 Be5 27. Bxe5 dxe5 28. Qc3 Qd4 29. Qc8+ Kg7 30. Qxb7 1/2-1/2

[Event "Champigny sur Marne op"]
[Site "Champigny sur Marne"]
[Date "2005.03.??"]
[Round "3"]
[White "Deman, Patrice"]
[Black "Moreno, Manuel"]
[Result "1-0"]
[WhiteElo "1850"]
[BlackElo "1530"]
[PlyCount "63"]
[EventDate "2005.03.??"]
[EventType "swiss"]
[EventRounds "7"]
[EventCountry "FRA"]
[SourceTitle "EXT 2007"]
[Source "ChessBase"]
[SourceDate "2006.11.23"]
[SourceVersion "1"]
[SourceVersionDate "2006.11.23"]
[SourceQuality "1"]

1. c4 c5 2. Nc3 Nc6 3. g3 g6 4. Bg2 Bg7 5. Nf3 Nf6 6. 0-0 0-0 7. d4 cxd4 8. Nxd4 Rb8 9. Bf4 Ra8 10. Nxc6 dxc6 11. Qb3 Qb6 12. Be3 Qxb3 13. axb3 a6 14. b4 Be6 15. b5 Bxc4 16. bxc6 bxc6 17. Bxc6 Rab8 18. Rfc1 Ng4 19. Ba7 Rxb2 20. Ra4 Be6 21. Nd5 Rxe2 22. Nxe7+ Kh8 23. Bf3 Bh6 24. Bxe2 Bxc1 25. Bxg4 Bxg4 26. Rxg4 f6 27. Bc5 Ra8 28. Ra4 Bh6 29. Bd4 Kg7 30. Nd5 Kf7 31. Bxf6 Ke6 32. Nc7+ 1-0